| Tag |
First Indicator |
Second Indicator |
Subfields |
| LEADER |
00000cam a2200000 4500 |
| 001 |
in00000050393 |
| 005 |
20151007071819.0 |
| 008 |
721229c19661965nyua b 00010 eng u |
| 010 |
|
|
|a 65016514
|
| 035 |
|
|
|a (OCoLC)00526596
|
| 035 |
|
|
|9 AAE6686AM
|
| 040 |
|
|
|c CCL
|d TXA
|d UtOrBLW
|
| 041 |
1 |
|
|a eng
|a rus
|
| 049 |
|
|
|a TXAM
|c [471324]
|
| 050 |
|
0 |
|a QP551
|b .K383
|
| 092 |
|
|
|a 591.8
|b K26c, 1965
|
| 100 |
1 |
|
|a Kedrovskiĭ, Boris Vasilʹevich,
|d 1898-1970.
|
| 245 |
1 |
4 |
|a The cytology of the protein synthesis in an animal cell /
|c by B. V. Kedrovskii.
|
| 264 |
|
1 |
|a New York :
|b Gordon and Breach, Science Publishers,
|c [1966]
|
| 264 |
|
4 |
|c [©1965]
|
| 300 |
|
|
|a xi,462 pages :
|b illustrations ;
|c 24 cm.
|
| 336 |
|
|
|a text
|b txt
|2 rdacontent
|
| 337 |
|
|
|a unmediated
|b n
|2 rdamedia
|
| 338 |
|
|
|a volume
|b nc
|2 rdacarrier
|
| 490 |
0 |
|
|a Life sciences
|
| 500 |
|
|
|a Translation of TSitologiia belkovyh sintezov v zhivotnoi kletke
|
| 504 |
|
|
|a Bibliography: pages 437-462.
|
| 650 |
|
0 |
|a Proteins
|x Synthesis.
|
| 999 |
|
|
|a MARS
|
| 999 |
f |
f |
|s e09b2cbd-14c4-3ff9-bb08-bb468943396d
|i aeecb3d2-7c1f-3feb-b7c0-c40f516f20b4
|t 0
|
| 952 |
f |
f |
|p ric
|a Texas A&M University
|b Rellis Campus
|c Joint Library Facility
|d Remote Storage
|t 0
|e QP551 .K383
|h Library of Congress classification
|i unmediated -- volume
|m A14801008838
|
| 998 |
f |
f |
|a QP551 .K383
|t 0
|l Remote Storage
|